Moving Harry Potter Quiz Stats

 Plays Quiz not verified by Sporcle

Challenge
Share
Tweet
Embed
Score 0/14 Timer 02:00
0 Plays Today
% Correct
Ron Weasley
92.7%
Fred Weasley
91.9%
Hermione Granger
91.4%
George Weasley
91.4%
Harry Potter
89.8%
Bill Weasley
85.4%
Fleur Delacour
84.9%
% Correct
Mundungus Fletcher
83.6%
Remus Lupin
83.3%
Alastor Moody
81.3%
Arthur Weasley
80.2%
Nymphadora Tonks
79.9%
Rubeus Hagrid
74.2%
Kingsley Shacklebolt
73.2%

You're not logged in!

Compare scores with friends on all Sporcle quizzes.
OR
Log In

You Might Also Like...

Show Comments

Extras

Top Quizzes Today


Score Distribution

Your Account Isn't Verified!

In order to create a playlist on Sporcle, you need to verify the email address you used during registration. Go to your Sporcle Settings to finish the process.

Report this User

Report this user for behavior that violates our Community Guidelines.

Details: